000 00782nam a22001697a 4500
008 090721t xxu||||| |||| 00| 0 ara d
082 _222
_a297.82
_bا ب ا
100 1 _98087
_aابراهيم ، فؤاد
245 1 2 _aالفقيه والدولة:
_bتطور الفقه السياسى الشيعى/
_cفؤاد ابراهيم
250 _aط 1.
260 _aبيروت:
_bدار الكنوز الادبية،
_c1998
300 _a462ص ،
_c24 سم
504 _aيشتمل على ارجاعات ببليوجرافية(ص447-458
650 _97966
_aفقه الشيعة
942 _2ddc
_cBB
999 _c12378
_d12378